Assassination of rajiv gandhi an inside job ? / (Record no. 140019)

MARC details
000 -LEADER
fixed length control field 00543nam a22001817a 4500
005 - DATE AND TIME OF LATEST TRANSACTION
control field 20170517124341.0
010 ## - LCCN (DPL NO)
LC control number ENG-118207
020 ## - INTERNATIONAL STANDARD BOOK NUMBER
International Standard Book Number 9789382711476
Terms of availability 495.00
035 ## - SYSTEM CONTROL NUMBER
System control number EN-101739
037 ## - SOURCE OF ACQUISITION
Source of stock number/acquisition DBAD/PUB
082 ## - DEWEY DECIMAL CLASSIFICATION NUMBER
Classification number 364.1524
100 ## - MAIN ENTRY--PERSONAL NAME
Personal name Ahmad, Faraz
245 ## - TITLE STATEMENT
Title Assassination of rajiv gandhi an inside job ? /
Statement of responsibility, etc by Faraz Ahmad
260 ## - PUBLICATION, DISTRIBUTION, ETC. (IMPRINT)
Place of publication, distribution, etc New Delhi
Name of publisher, distributor, etc Vitasta Publishing
Date of publication, distribution, etc 2016
270 ## - ADDRESS
Address 2/15, Ansari Road, Daryaganj, New Delhi-110002
300 ## - PHYSICAL DESCRIPTION
Extent 312p
Dimensions 21cm.(Hb)
942 ## - ADDED ENTRY ELEMENTS (KOHA)
Source of classification or shelving scheme Dewey Decimal Classification
Item type English Books
Classification part 364.1524
Call number suffix AHM
Holdings
Withdrawn status Lost status Not for loan Collection code Home library Current library Date acquired Source of acquisition Cost, normal purchase price Full call number Barcode Copy number Cost, replacement price Koha item type
      Non-fiction Patel Nagar Patel Nagar 17/05/2017 DBAD/PUB 495.00 364.1524 AHM EN-101739 1 495.00 English Books

© Delhi Public Library
Hit Counter
free hit counter